000 00725nam a2200289Ia 4500
005 20260324141752.0
008 008 260324s9999 xx 000 0 eng d
020 _a9781351265324
037 _aEBOOK
040 _aCRL
040 _beng
040 _cCRL
041 _2eng
041 _aeng
084 _qCRL
100 _aJim Docking
_91200518
245 0 _aNational School Policy (1996)
245 0 _bMajor Issues in Education Policy for Schools in England and Wales, 1979 onwards
260 _bTaylor and Francis
260 _c1996
365 _a
365 _b130
856 _uhttp://www.taylorfrancis.com/books/9781351265324
942 _cEBOOK
999 _c1812881
_d1812881